Top 100 futbolistas masculinos de 2025 - Estadísticas

Estadísticas generales
  • Esta prueba ha sido intentada 15.953 veces
    5.525 desde el último reinicio
  • La puntuación promedio es 45 de 100
Estadísticas de respuestas
# Club Jugador % Correcto
4 Real Madrid Kylian Mbappé
96%
2 Barcelona Lamine Yamal
96%
1 PSG Ousmane Dembélé
94%
6 Man. City Erling Haaland
88%
96 Tottenham Micky van de Ven
88%
10 Barcelona Pedri
88%
51 Al-Nassr Cristiano Ronaldo
85%
5 Bayern Múnich Harry Kane
85%
34 Inter Miami Lionel Messi
84%
3 PSG Vitinha
81%
9 Liverpool Mohamed Salah
80%
8 Barcelona Raphinha
80%
13 Man. City Gianluigi Donnarumma
73%
12 Chelsea Cole Palmer
72%
20 Inter Lautaro Martínez
71%
25 Atlético Madrid Julián Álvarez
70%
7 PSG Achraf Hakimi
69%
16 PSG Désiré Doué
69%
18 Real Madrid Jude Bellingham
69%
11 PSG Nuno Mendes
66%
24 Barcelona Robert Lewandowski
64%
30 Real Madrid Thibaut Courtois
64%
22 Real Madrid Vinícius Júnior
61%
15 Arsenal Declan Rice
60%
74 Man. City Rodri
60%
26 Arsenal Bukayo Saka
59%
57 Athletic Bilbao Nico Williams
58%
23 Liverpool Virgil van Dijk
54%
73 Napoli Kevin De Bruyne
52%
42 PSG Marquinhos
52%
68 Barcelona Pau Cubarsí
52%
44 PSG Willian Pacho
51%
37 Real Madrid Federico Valverde
50%
17 PSG João Neves
50%
21 Bayern Múnich Michael Olise
50%
14 PSG Khvicha Kvaratskhelia
49%
33 Arsenal William Saliba
49%
58 Arsenal David Raya
46%
47 Chelsea Enzo Fernández
46%
36 Liverpool Florian Wirtz
46%
27 PSG Fabián Ruiz
45%
60 Barcelona Frenkie de Jong
45%
45 Arsenal Martin Ødegaard
45%
100 Atlético Madrid Antoine Griezmann
44%
50 Bayern Múnich Joshua Kimmich
44%
31 Bayern Múnich Luis Díaz
44%
48 Liverpool Alexander Isak
43%
53 PSG Bradley Barcola
43%
78 Aston Villa Emiliano Martínez
43%
80 Barcelona Jules Koundé
43%
90 Arsenal Mikel Merino
43%
86 Como Nico Paz
43%
19 Napoli Scott McTominay
43%
55 Man. United Bruno Fernandes
42%
28 Arsenal Viktor Gyökeres
41%
97 Real Betis Antony
40%
43 Bayern Múnich Jamal Musiala
40%
94 Bayern Múnich Manuel Neuer
40%
61 Man. City Phil Foden
39%
35 Liverpool Alexis Mac Allister
38%
70 Arsenal Martín Zubimendi
38%
54 Inter Alessandro Bastoni
37%
62 Inter Nicolò Barella
36%
49 Liverpool Alisson
35%
63 Chelsea Marc Cucurella
35%
64 Inter Yann Sommer
35%
72 Man. City Bernardo Silva
34%
81 Real Sociedad Mikel Oyarzabal
34%
98 Real Madrid Trent Alexander-Arnold
34%
46 Galatasaray Victor Osimhen
34%
65 Inter Marcus Thuram
33%
32 Chelsea Moisés Caicedo
33%
71 Real Madrid Arda Güler
32%
99 Inter Federico Dimarco
31%
84 Man. City Rúben Dias
31%
91 Milan Rafael Leão
30%
76 Chelsea João Pedro
29%
92 Real Madrid Dean Huijsen
28%
40 Inter Denzel Dumfries
28%
75 Man. City Jérémy Doku
28%
67 Liverpool Hugo Ekitiké
27%
39 Borussia Dortmund Serhou Guirassy
26%
29 Arsenal Gabriel Magalhães
25%
89 Juventus Kenan Yildiz
25%
85 Bayer Leverkusen Álex Grimaldo
23%
69 Newcastle Bruno Guimarães
23%
95 Marsella Mason Greenwood
23%
38 Liverpool Dominik Szoboszlai
22%
66 Barcelona Fermín López
21%
52 Inter Hakan Çalhanoğlu
21%
41 Liverpool Ryan Gravenberch
20%
93 Man. City Josko Gvardiol
19%
59 Chelsea Estêvão
16%
77 Man. United Bryan Mbeumo
15%
82 Newcastle Nick Woltemade
15%
56 Arsenal Eberechi Eze
13%
87 Flamengo Giorgian de Arrascaeta
13%
79 Man. City Tijjani Reijnders
9%
88 Man. City Antoine Semenyo
8%
83 Napoli André-Frank Zambo Anguissa
6%
No se encontraron pruebas coincidentes
Distribución de puntuación
Porcentaje de gente con cada puntuación
Porcentaje por número respondido
Historial de tus puntuaciones
No has intentado esta prueba desde el último reinicio